The Unknown (Record no. 1209736)

MARC details
000 -LEADER
fixed length control field 00439nam a2200193Ia 4500
008 - FIXED-LENGTH DATA ELEMENTS--GENERAL INFORMATION
fixed length control field 151121s9999||||xx |||||||||||||| ||und||
082 ## - DEWEY DECIMAL CLASSIFICATION NUMBER
Classification number 823-/Bar
082 ## - DEWEY DECIMAL CLASSIFICATION NUMBER
Item number HNW-31
100 ## - MAIN ENTRY--PERSONAL NAME
Personal name Barclay J।
245 #4 - TITLE STATEMENT
Title The Unknown
260 ## - PUBLICATION, DISTRIBUTION, ETC. (IMPRINT)
Name of publisher, distributor, etc "The London book Co।, Ltd।"
260 ## - PUBLICATION, DISTRIBUTION, ETC. (IMPRINT)
Date of publication, distribution, etc --
300 ## - PHYSICAL DESCRIPTION
Extent 242
600 ## - SUBJECT ADDED ENTRY--PERSONAL NAME
Personal name Barclay J।
630 ## - SUBJECT ADDED ENTRY--UNIFORM TITLE
Uniform title The Unknown
700 ## - ADDED ENTRY--PERSONAL NAME
Personal name Barclay J।
730 ## - ADDED ENTRY--UNIFORM TITLE
Uniform title The Unknown
942 ## - ADDED ENTRY ELEMENTS (KOHA)
Koha item type Book
Holdings
Withdrawn status Lost status Damaged status Not for loan Home library Current library Date acquired Total Checkouts Full call number Barcode Date last seen Price effective from Koha item type
        Hirachand Nemchand Wachanalaya, Solapur Hirachand Nemchand Wachanalaya, Solapur 11/21/2015   HNW-31 HNW-31 11/21/2015 11/21/2015 Book